000 00549nam a2200181Ia 4500
003 OSt
005 20200515090751.0
008 190216s9999||||xx |||||||||||||| ||und||
020 _a8185220855
040 _coclc
082 _a297
_bMOM/I
100 _aMomin, A R
_92291
245 0 _aIslam And The Promotion Of Knowledge /
_cA R Momin
260 _bInstitute Of Objective Studies,
_c2001.
_aNewdelhi:
300 _a273p
650 0 _aHistory & geography
_vIslamic History
_92271
942 _cBK
_2ddc
_h297
_iMOM/I
_k297
_mMOM/I
999 _c23171
_d23171